000 00741nam a22002297a 4500
003 UA-OsUOA
001 44828
007 ta
008 20070315b un ||||| |||| 00| 0 ukr d
090 _a330.46
_bС40
942 _cBK
040 _aUA-OsUOA
_bukr
_cUA-OsUOA
_dUA-OsUOA
245 _aСистеми оброблення економічної інформації
_bНавчально-методичний посібник для самостійного вивчення дисципліни
_cВ. Ф. Ситник
300 _a332 с.
955 _a2
041 _aukr
080 _a330.46
020 _a966-574-655-3
260 _aК.
_bКНЕУ
_c2004
650 7 _a330 Економіка взагалі
_2UDC
999 _c330943
_d330943